00589nam a2200205Ia 450000500170000000800410001704000190005804100120007708200150008910000170010424500440012126000380016530000110020365000090021465100240022385000100024794200070025799900170026495201020028120220707110944.0131103s9999 xx 000 0 und d aLoreto College aEnglish a305.8bRIS aRisley, H. H aTribes & castes of BengalcH. H. Risley aKolkatabFirma Mukhopadhyayc1981 a191p.  aCast aManners and Customs aLCLIB cBK c20740d71219 00102ddc4070aMAINbMAINd2013-11-04l0o305.8 RIS 27932pB22689r2013-11-04w2013-11-04yBKf